000 00814cam a2200253 a 4500
003 OSt
005 20150724105916.0
008 980824s1999 miua b 001 0 eng
020 _a0787628441 (set)
020 _a078762845X (v. 1)
020 _a0787628468 (v. 2)
020 _a0787628476 (v. 3)
040 _aSEKU
050 0 0 _aQD 466
_b.N4
100 1 _aNewton, David E.
245 1 0 _aChemical elements :
_bfrom carbon to krypton /
_cDavid E. Newton ; Lawrence W. Baker, editor.
260 _aDetroit :
_bU·X·L,
_cc1999.
300 _a3 v. (lxxvii, 686 p.) :
_bill. (some col.) ;
_c25 cm.
504 _aIncludes bibliographical references (p. xlix-liii) and index.
505 0 _av. 1. A-F -- v. 2. G-O -- v. 3. P-Z.
650 0 _aChemical elements.
700 1 _aBaker, Lawrence W.
942 _2lcc
_cGEN
999 _c7040
_d7040